000 00762nam a2200205Ii 4500
003 JO-AjNU
008 230605s9999||||xx |||||||||||||| ||und||
040 _aJO-AjNU
_bara
_erda
_cJO-AjNU
041 _aara
050 1 4 _aT58.6.Q23 2018
100 3 _aالقباني، ثناء علي,
_eauthor
_958033
245 0 0 _aنظم المعلومات والتشغيل الإلكتروني
250 _aط1
264 3 1 _aعمان: دار صفاء للطباعة والنشر والتوزيع، 2018
300 _a392ص
_bجداول و أشكال توضيحية
336 _atext
_btxt
_2rdacontent
337 _aunmediated
_bn
_2rdamedia
338 _avolume
_bnc
_2rdacarrier
650 4 _aنظم المعلومات الإدارية - تحليل النظم
_958034
999 _aA26040
_c29608
_d29608